[Event "Unterfranken-ch M1 63th"]
[Site "Schweinfurt"]
[Date "2012.04.10"]
[Round "3"]
[White "Golda, Harald"]
[Black "Ersoez, Can Hakki"]
[Result "1-0"]
[WhiteElo "2274"]
[BlackElo "1889"]
[PlyCount "65"]
[EventDate "2012.04.09"]
[EventType "swiss"]
[EventRounds "9"]
[EventCountry "GER"]
[SourceTitle "EXT 2015"]
[Source "ChessBase"]
[SourceDate "2014.11.20"]
[SourceVersion "1"]
[SourceVersionDate "2014.11.20"]
[SourceQuality "1"]

1. d4 Nf6 2. Nf3 g6 3. c4 Bg7 4. g3 d6 5. Bg2 0-0 6. 0-0 Nc6 7. d5 Na5 8. Nfd2 c5 9. Nc3 a6 10. Qc2 Rb8 11. Rb1 Bd7 12. b3 b5 13. Bb2 bxc4 14. bxc4 Qc7 15. Nce4 Rxb2 16. Rxb2 Nxe4 17. Bxe4 Bxb2 18. Qxb2 Rb8 19. Qc3 e5 20. dxe6 Bxe6 21. Bd5 Bxd5 22. cxd5 Rb4 23. a3 Ra4 24. Rb1 Qd8 25. f3 f5 26. e4 Rd4 27. exf5 gxf5 28. Qe3 Qf8 29. f4 Rxd5 30. Nf3 Qf6 31. Qe8+ Kg7 32. Re1 Qf8 33. Qd7+ 1-0

[Event "Unterfranken-ch M1 63th"]
[Site "Schweinfurt"]
[Date "2012.04.10"]
[Round "2"]
[White "Roessner, Uwe"]
[Black "Ersoez, Can Hakki"]
[Result "1-0"]
[WhiteElo "1818"]
[BlackElo "1889"]
[PlyCount "83"]
[EventDate "2012.04.09"]
[EventType "swiss"]
[EventRounds "9"]
[EventCountry "GER"]
[SourceTitle "EXT 2015"]
[Source "ChessBase"]
[SourceDate "2014.11.20"]
[SourceVersion "1"]
[SourceVersionDate "2014.11.20"]
[SourceQuality "1"]

1. Nf3 Nf6 2. c4 g6 3. g3 Bg7 4. Bg2 d6 5. 0-0 0-0 6. Nc3 c6 7. Rb1 a5 8. a3 e5 9. Qc2 Nbd7 10. b4 axb4 11. axb4 d5 12. b5 e4 13. Nh4 Ne5 14. bxc6 bxc6 15. cxd5 g5 16. f4 gxh4 17. fxe5 Ng4 18. Bxe4 Bxe5 19. e3 hxg3 20. d4 gxh2+ 21. Kh1 Bg3 22. dxc6 Qh4 23. Qg2 Kh8 24. Nd1 f5 25. Bb2 Ba6 26. Rxf5 Rxf5 27. Bxf5 Rf8 28. d5+ Be5 29. Bxe5+ Nxe5 30. Nf2 Rg8 31. Qxh2 Qxh2+ 32. Kxh2 Nf3+ 33. Kh1 Be2 34. Be4 Nd2 35. Rb7 Nxe4 36. Nxe4 Bf3+ 37. Kh2 Bxe4 38. c7 Bf5 39. Rb8 Bc8 40. d6 Kg7 41. Rxc8 Rxc8 42. d7 1-0